Score 0/20 Timer 03:00
0 Plays Today
Question Answer Wrong Answers
Santorini, Greece South East
88.2%
North West
1.3%
North East
1.8%
South West
5%
Nessie, Loch Ness, Scotland North West
87.7%
North East
2.7%
South West
1.4%
South East
1.1%
Guinness Brewery, Dublin, Ireland North West
85.8%
North East
2%
South West
3.8%
South East
1.4%
Hagia Sophia, Istanbul South East
81.4%
North West
0.6%
North East
6.8%
South West
3.7%
Ancient theatre of Taormina, Italy South East
77.3%
North West
1%
North East
2.2%
South West
11.3%
Old Course, St.Andrews, Scotland North West
76.1%
North East
9.1%
South West
10.6%
South East
3.1%
Santa's Home, Rovaniemi, Finland North East
75.9%
North West
16.2%
South West
2.7%
South East
1.9%
Pompeii, Italy South East
72.9%
North West
2.3%
North East
3.2%
South West
14.9%
Giant's Causeway, Northern Ireland North West
69.5%
North East
6.7%
South West
12.2%
South East
6.6%
Alhambra, Granada, Spain South West
60.9%
North West
1.8%
North East
9.9%
South East
20.4%
Pont du Gard, France South West
55.6%
North West
6.2%
North East
4.5%
South East
24%
Parliament Palace, Budapest, Hungary South East
51.1%
North West
2.4%
North East
15.7%
South West
20.7%
Belém Tower, Lisbon, Portugal South West
50.1%
North West
5.8%
North East
8%
South East
28.8%
Hermitage, St.Petersburg, Russia North East
46.9%
North West
3.7%
South West
27.1%
South East
14%
Hallgrímskirkja, Reykjavik, Iceland North West
38.4%
North East
34.6%
South West
10.5%
South East
7.7%
Prague Astronomical Clock, Czechia South East
37.6%
North West
3.6%
North East
24.8%
South West
25.8%
Spreuer Bridge, Luzern, Switzerland South West
37.2%
North West
6.2%
North East
24.6%
South East
21.4%
Peterhof, St.Petersburg, Russia North East
34.9%
North West
2.6%
South West
33.8%
South East
25.1%
Main Square, Kraków, Poland South East
32.9%
North West
5%
North East
13.4%
South West
39.4%
Hill of Crosses, Lithuania North East
24%
North West
3%
South West
43.4%
South East
23.8%
Remove Ads.
Support Sporcle.
Get the best of Sporcle when you Go Orange. This ad-free experience offers more features, more stats, and more fun while also helping to support Sporcle. Thank you for becoming a member.

You're not logged in!

Compare scores with friends on all Sporcle quizzes.
OR
Log In

Sporcle TV

Today on Sporcle TV


Watch our educational content, quiz creation guides, and fun videos on Sporcle TV.

Show Comments

Extras

Top Quizzes Today


Score Distribution

Paid Content

Your Account Isn't Verified!

In order to create a playlist on Sporcle, you need to verify the email address you used during registration. Go to your Sporcle Settings to finish the process.

Report this User

Report this user for behavior that violates our Community Guidelines.

Details: